An introduction to stellar astrophysics / (Record no. 329834)

000 -LEADER
fixed length control field 01321cam a2200349 a 4500
001 - CONTROL NUMBER
control field SNS
003 - CONTROL NUMBER IDENTIFIER
control field NUST
005 - DATE AND TIME OF LATEST TRANSACTION
control field 20180118110450.0
008 - FIXED-LENGTH DATA ELEMENTS--GENERAL INFORMATION
fixed length control field 091212s2010 enka b 001 0 eng
010 ## - LIBRARY OF CONGRESS CONTROL NUMBER
LC control number 2009052138
015 ## - NATIONAL BIBLIOGRAPHY NUMBER
National bibliography number GBA9C5088
Source bnb
016 7# - NATIONAL BIBLIOGRAPHIC AGENCY CONTROL NUMBER
Record control number 015448107
Source Uk
020 ## - INTERNATIONAL STANDARD BOOK NUMBER
International Standard Book Number 9780470699577 (cloth)
020 ## - INTERNATIONAL STANDARD BOOK NUMBER
International Standard Book Number 0470699574 (cloth)
020 ## - INTERNATIONAL STANDARD BOOK NUMBER
International Standard Book Number 9780470699560 (pbk.)
020 ## - INTERNATIONAL STANDARD BOOK NUMBER
International Standard Book Number 0470699566 (pbk.)
035 ## - SYSTEM CONTROL NUMBER
System control number (OCoLC)ocn475440765
040 ## - CATALOGING SOURCE
Original cataloging agency DLC
Transcribing agency DLC
Modifying agency YDX
-- UKM
-- YDXCP
-- BWX
-- CDX
-- VP@
-- UV0
-- DLC
050 00 - LIBRARY OF CONGRESS CALL NUMBER
Classification number QB801
Item number .L43 2010
082 ## - DEWEY DECIMAL CLASSIFICATION NUMBER
Classification number 523.8 LEB
100 1# - MAIN ENTRY--PERSONAL NAME
Personal name LeBlanc, Francis.
9 (RLIN) 1345
245 13 - TITLE STATEMENT
Title An introduction to stellar astrophysics /
Statement of responsibility, etc. Francis LeBlanc.
260 ## - PUBLICATION, DISTRIBUTION, ETC.
Place of publication, distribution, etc. Chichester, West Sussex, U.K. :
Name of publisher, distributor, etc. Wiley,
Date of publication, distribution, etc. 2010.
300 ## - PHYSICAL DESCRIPTION
Extent xii, 338 p. :
Other physical details ill. (some col.) ;
Dimensions 26 cm.
504 ## - BIBLIOGRAPHY, ETC. NOTE
Bibliography, etc. note Includes bibliographical references and index.
650 #0 - SUBJECT ADDED ENTRY--TOPICAL TERM
Topical term or geographic name entry element Stars
Form subdivision Textbooks.
9 (RLIN) 1346
650 #0 - SUBJECT ADDED ENTRY--TOPICAL TERM
Topical term or geographic name entry element Astrophysics
Form subdivision Textbooks.
9 (RLIN) 1347
906 ## - LOCAL DATA ELEMENT F, LDF (RLIN)
a 7
b cbc
c orignew
d 1
e ecip
f 20
g y-gencatlg
942 ## - ADDED ENTRY ELEMENTS (KOHA)
Source of classification or shelving scheme
Koha item type Book
Call number prefix 523.8
Call number suffix LEB
Holdings
Withdrawn status Lost status Source of classification or shelving scheme Damaged status Not for loan Permanent Location Current Location Shelving location Date acquired Total Checkouts Full call number Barcode Date last seen Date last checked out Price effective from Koha item type
          School of Natural Sciences (SNS) School of Natural Sciences (SNS) Book Cart 05/23/2017 1 523.8 LEB SNS0001900 01/19/2018 10/30/2017 05/23/2017 Book
© 2023 Central Library, National University of Sciences and Technology. All Rights Reserved.